000 00292nam a2200109Ia 4500
008 171204s9999 xx 000 0 und d
245 _aGiovanni Brizzi, "Silla":
245 _cGiovanni Brizzi
260 _c2004
650 _xHistory
856 _uhttp://down.ebook777.com/064/9788839713018.pdf
999 _c345569
_d345569